| 000 | 01239nam a22003257a 4500 | ||
|---|---|---|---|
| 001 | BR8200597 | ||
| 003 | BR-BrBNA | ||
| 005 | 20230928091233.0 | ||
| 007 | ta | ||
| 008 | 230509b bl.||||| |||| 00| 0 por d | ||
| 040 |
_aBR-BrBNA _bpor _cBiblioteca Nacional de Agricultura |
||
| 041 | _a(Por) | ||
| 072 |
_aF00; U10 _b1410 _b0120 |
||
| 090 | _ 1410 BR8200597 | ||
| 100 | 1 | _aGoncalves, S.R. | |
| 110 | 1 |
_aUniversidade de Brasilia, DF (Brasil). Depto. de Estatistica _0Diss. (Mestre em Estatistica e Metodos Quantitativos) _910459 |
|
| 245 | 1 | _aConsorciacao de culturas-tecnicas de analise e estudo da distribuicao do LER [Land Equivalent Ratio; Feijao; Phaseolus vulgaris; Milho; Zea mays; Analise estatistica] | |
| 246 | 1 | _a[Intercropping-Analysis Techniques and study on LER distribution [Land Equivalent Ratio; Bean; Phaseolus vulgaris; Maize; Zea mays; Statistical analysis]] | |
| 260 | 3 |
_aBrasilia, DF (Brasil): _c1981. |
|
| 300 | _a218 p. | ||
| 500 | _a11 tables; 22 ref.; Summaries (Eng, Por) | ||
| 650 | _aProducao vegetal | ||
| 650 | _aEstatistica | ||
| 650 | _aFeijao | ||
| 650 | _aMilho | ||
| 650 | _aPratica cultural | ||
| 650 | _aAnalise estatistica | ||
| 909 |
_a202309 _bLucia _c55 _dLucia Elande |
||
| 942 | _cBK | ||
| 999 |
_c32979 _d32979 |
||